Normal view
MARC view
- التعدين-مصر
Entry Topical Term
001 - CONTROL NUMBER
- control field: 38143
003 - CONTROL NUMBER IDENTIFIER
- control field: JO-AjAnu
005 - DATE AND TIME OF LATEST TRANSACTION
- control field: 20230606080344.0
008 - FIXED-LENGTH DATA ELEMENTS
- fixed length control field: 230606|| aca||aabn | a|a d
040 ## - CATALOGING SOURCE
- Original cataloging agency: JO-AjAnu
- Transcribing agency: JO-AjAnu
150 ## - HEADING--TOPICAL TERM
- Topical term or geographic name entry element: التعدين-مصر
670 ## - SOURCE DATA FOUND
- Source citation: Work cat.: (JO-AjAnu)19568: اعداد عافية، محمد سميح؛مراجعة احمد الصاوي , author 38142, التعدين في مصر قديما وحديثا، ج2